EU forestry strategy (Record no. 117873)

MARC details
000 -LEADER
fixed length control field 01051cam a2200205 4500
001 - CONTROL NUMBER
control field WB@3612-796
008 - FIXED-LENGTH DATA ELEMENTS--GENERAL INFORMATION
fixed length control field 040819n2004 000 0 eng u
035 ## - SYSTEM CONTROL NUMBER
System control number (Sirsi) u127115
245 ## - TITLE STATEMENT
Title EU forestry strategy
260 ## - PUBLICATION, DISTRIBUTION, ETC.
Date of publication, distribution, etc. 2004
490 ## - SERIES STATEMENT
Series statement European Commission Press Release
Volume/sequential designation August 2004 (3)
520 ## - SUMMARY, ETC.
Summary, etc. Comments are invited on the implementation of the Forestry strategy for the European Union. The resolution was adopted five years ago amid growing concern about the coherence between the forest policies of the member states and forest-related activities at EU level, as well as the rising profile of forests in international policy debates and initiatives on sustainable development. Background information and a link to the comments area can be found on the website. http://www.europa.eu.int/comm/agriculture/consulta tions/forestry/index_en.htm.
590 ## - LOCAL NOTE (RLIN)
Local note WB
590 ## - LOCAL NOTE (RLIN)
Local note WB
650 ## - SUBJECT ADDED ENTRY--TOPICAL TERM
Topical term or geographic name entry element FORESTRY
650 ## - SUBJECT ADDED ENTRY--TOPICAL TERM
Topical term or geographic name entry element EUROPEAN UNION
650 ## - SUBJECT ADDED ENTRY--TOPICAL TERM
Topical term or geographic name entry element SUSTAINABLE FORESTRY
690 ## - LOCAL SUBJECT ADDED ENTRY--TOPICAL TERM (OCLC, RLIN)
Topical term or geographic name as entry element RURAL-AGRICULTURE AND FORESTRY
942 ## - ADDED ENTRY ELEMENTS (KOHA)
Suppress in OPAC 0
Holdings
Withdrawn status Lost status Source of classification or shelving scheme Damaged status Not for loan Home library Current library Shelving location Date acquired Total Checkouts Full call number Barcode Date last seen Copy number Price effective from Koha item type
    Dewey Decimal Classification     London London News article 19/08/2004   WB4032-14 127115-1001 06/08/2019 1 06/08/2019 News article